Návrh uchopovacieho zariadenia pre manipuláciu s panoramatickou strechou vozidla

Salvato in:
Dettagli Bibliografici
Autore principale: Lenghart, Lukáš (Autore)
Altri autori: Holubek, Radovan (Relatore della tesi)
Natura: Manoscritto Libro
Lingua:slovacco
Pubblicazione: 2025
Soggetti:
Accesso online:http://is.stuba.sk/zp/portal_zp.pl?podrobnosti=184011
Tags: Aggiungi Tag
Nessun Tag, puoi essere il primo ad aggiungerne!!

MARC

LEADER 00000ntm a22000003a 4500
001 stuzp103510
003 SK-STU
005 20250614212027.8
007 ta
008 150427s2015----xo-----f-mn---000-0-slo-d
040 |a STU  |b slo 
041 0 |a slo 
100 1 |a Lenghart, Lukáš  |u 063000  |4 aut  |U MTF Materiálovotechnologická fakulta  |T MTF Ústav výrobných technológií  |X 111388  |U M3000  |Y 83  |7 111388 
242 0 1 |a Design of a gripping device for manipulating the panoramic vehicle roof  |y eng 
245 1 0 |a Návrh uchopovacieho zariadenia pre manipuláciu s panoramatickou strechou vozidla 
260 |c 2025 
650 4 |a vacuum ejectors  |2 eng 
650 4 |a carbon roof  |2 eng 
650 4 |a panoramic roof  |2 eng 
650 4 |a vacuum suction cups  |2 eng 
650 4 |a gripper  |2 eng 
650 4 |a vákuové ejektory  |2 slo 
650 4 |a vákuové prísavky  |2 slo 
650 4 |a karbónová strecha  |2 slo 
650 4 |a Uchopovač  |2 slo 
650 4 |a panoramatická strecha  |2 slo 
700 1 |a Holubek, Radovan  |u 063800  |k Z1  |4 ths  |U MTF Ústav výrobných technológií  |T MTF Katedra výrobných zariadení a systémov  |X 4311  |U M3800  |Y 660  |7 A000004311 
856 4 |u http://is.stuba.sk/zp/portal_zp.pl?podrobnosti=184011 
996 |c M* DP-15595  |l MMSKP  |s P  |a 0  |w stuzp103510_0001